Welcome to CU Library Online Public Access Catalogue (OPAC)

Financial Administration Regulations, 2004 (Record no. 1372)

MARC details
000 -LEADER
fixed length control field 00411nam a22001337a 4500
005 - DATE AND TIME OF LATEST TRANSACTION
control field 20241120140724.0
008 - FIXED-LENGTH DATA ELEMENTS--GENERAL INFORMATION
fixed length control field 241120b |||||||| |||| 00| 0 eng d
110 ## - MAIN ENTRY--CORPORATE NAME
Corporate name or jurisdiction name as entry element Republic of Ghana
245 ## - TITLE STATEMENT
Title Financial Administration Regulations, 2004
Remainder of title L.I. 1802
Statement of responsibility, etc. Republic of Ghana
260 ## - PUBLICATION, DISTRIBUTION, ETC.
Place of publication, distribution, etc. Accra, Ghana
Name of publisher, distributor, etc. Ghana Publishing Co. Ltd.
Date of publication, distribution, etc. 2004
300 ## - PHYSICAL DESCRIPTION
Extent 82 pages
Dimensions 24 pages
650 ## - SUBJECT ADDED ENTRY--TOPICAL TERM
Source of heading or term Act
General subdivision Ghana
942 ## - ADDED ENTRY ELEMENTS (KOHA)
Source of classification or shelving scheme Library of Congress Classification
Koha item type Books
Suppress in OPAC No
999 ## -
-- 1372
-- 1372
Holdings
Withdrawn status Lost status Source of classification or shelving scheme Damaged status Not for loan Collection Home library Current library Shelving location Date acquired Total checkouts Full call number Barcode Date last seen Copy number Price effective from Koha item type
    Library of Congress Classification     Non-fiction Law Library (Miotso) Law Library (Miotso) Reference 11/20/2024   KRX1083 GHA LLM00001122 11/20/2024 1 11/20/2024 Books
    Library of Congress Classification     Non-fiction Law Library (Miotso) Law Library (Miotso) Reference 11/20/2024   KRX1083 GHA LLM00001123 11/20/2024 2 11/20/2024 Books
    Library of Congress Classification     Non-fiction Law Library (Miotso) Law Library (Miotso) Reference 11/20/2024   KRX1083 GHA LLM00001124 11/20/2024 3 11/20/2024 Books
© 2023-2024 Copyright: Central University Libraries. All Rights Reserved | Created by: Mahone Tech Office